Electronic commerce: A managerial perspective (Record no. 8538)
[ view plain ]
| 000 -LEADER | |
|---|---|
| fixed length control field | 00515 a2200169 4500 |
| 020 ## - INTERNATIONAL STANDARD BOOK NUMBER | |
| International Standard Book Number | 0139752854 |
| 040 ## - CATALOGING SOURCE | |
| Original cataloging agency | DLC |
| 082 00 - DEWEY DECIMAL CLASSIFICATION NUMBER | |
| Classification number | 658.05 |
| 100 ## - MAIN ENTRY--PERSONAL NAME | |
| Personal name | Turban, Efraim |
| 245 00 - TITLE STATEMENT | |
| Title | Electronic commerce: A managerial perspective |
| Remainder of title | / |
| Statement of responsibility, etc. | Efraim Turban ... [et al.]. |
| 260 ## - PUBLICATION, DISTRIBUTION, ETC. | |
| Place of publication, distribution, etc. | Upper Saddle River, NJ : |
| Name of publisher, distributor, etc. | Prentice Hall, |
| Date of publication, distribution, etc. | c2000. |
| 300 ## - PHYSICAL DESCRIPTION | |
| Extent | xxxii, 520 p. : |
| Other physical details | ill. ; |
| Dimensions | 26 cm. |
| 650 #0 - SUBJECT ADDED ENTRY--TOPICAL TERM | |
| Topical term or geographic name entry element | Electronic commerce |
| 650 #0 - SUBJECT ADDED ENTRY--TOPICAL TERM | |
| Topical term or geographic name entry element | Electronic commerce |
| General subdivision | Management. |
| 700 1# - ADDED ENTRY--PERSONAL NAME | |
| Personal name | Turban, Efraim. |
| 942 ## - ADDED ENTRY ELEMENTS (KOHA) | |
| Koha item type | Book |
| Call number prefix | 658.05 TUR |
| Source of classification or shelving scheme | |
| Withdrawn status | Lost status | Damaged status | Not for loan | Collection code | Permanent Location | Current Location | Shelving location | Date acquired | Source of acquisition | Total Checkouts | Full call number | Barcode | Date last seen | Price effective from | Koha item type |
|---|---|---|---|---|---|---|---|---|---|---|---|---|---|---|---|
| Central Library (CL) | Central Library (CL) | General Stacks | 10/21/2002 | Photocopy | 658.05 TUR | SEECS002585 | 11/14/2012 | 01/05/2017 | Book | ||||||
| Central Library (CL) | Central Library (CL) | General Stacks | 10/21/2002 | Photocopy | 658.05 TUR | SEECS002584 | 11/14/2012 | 01/05/2017 | Book | ||||||
| Central Library (CL) | Central Library (CL) | General Stacks | 10/21/2002 | Photocopy | 658.05 TUR | SEECS002582 | 11/14/2012 | 01/05/2017 | Book | ||||||
| Central Library (CL) | Central Library (CL) | General Stacks | 10/21/2002 | Photocopy | 658.05 TUR | SEECS002583 | 11/14/2012 | 01/05/2017 | Book | ||||||
| Central Library (CL) | Central Library (CL) | General Stacks | 10/21/2002 | Photocopy | 658.05 TUR | SEECS002581 | 11/14/2012 | 01/05/2017 | Book |
